Quizzes
Events
Quiz Creation
Community
Videos
Private Events
Remove Ads
Sign In
Join for FREE
Feedback
Dark Mode
Quiz Categories
Sports
Geography
Music
Movies
Television
Just For Fun
Miscellaneous
History
Literature
Language
Science
Gaming
Entertainment
Religion
Holiday
For Kids
Quiz Lab
Recent
Popular Today
Quiz Kudos Today
Editor Picks
Curator Picks
Quizzes by...
Day
Popularity
Type
Ratings
Length
Year
Community
Subscriptions
Recent Discussions
Orange Saloon
Badges
Playlists
Quests
Create
Leaderboards
Showdown
Live 5
Trivia Bingo
Activity
Puzzle Library
Sporcle Events
Private Events
Virtual Trivia
Globe League
Become a Host
Pub Owners
SporcleCon
Opinionation
Our Games
Videos
Blog
Mobile Apps
Partnerships
Remove Ads and Go Orange
Feedback
Television
TV Characters
TV Show
Sitcom
Network
Friends
Reality Shows
Cast
South Park
Star Trek
The Simpsons
Doctor Who
Television
TV Characters
TV Show
Sitcom
Network
Friends
Reality Shows
Cast
South Park
Star Trek
The Simpsons
Doctor Who
Random Quiz
Search Sporcle
×
Quiz Lab
Quiz Lab
Television
Numbers
Type in answers that appear in a list
Type in answers that appear in a list
Classic
Best Score? Go Orange.
Top 10 Spongebob Blunder Episodes Stats
Can you name the Top 10 Spongebob Blunder Episodes?
By
Treverbeast454
2m
10 Questions
203 Plays
203 Plays
203 Plays
Comments
Comments
Give Quiz Kudos
Give Quiz Kudos
-
- Ratings
hide this ad
Replay
Link that replays current quiz
Next Quiz
Link to next quiz in quiz playlist
You Got
0%
They Got
Avg Score
63%
Avg Friend Score
Upgrade to see
Score Distribution
Jump to the score distribution portion of the page
Score
0/10
Timer
02:00
0
Plays Today
Number
Episode
% Correct
#9
Hooky
77.8%
#3
Missing Identity
68.5%
#5
Sun Bleached
68.5%
#4
Stunk In the Wringer
68%
#10
Atlantis Squarepantis
67.5%
#7
Frankendoodle
63.1%
#1
SpongeBob And The Clash Of Triton
62.6%
#8
I Had An Accident
61.1%
#6
Blackened Sponge
49.3%
#2
To SquarePants Or Not To SquarePants
45.8%
Quiz Playlist
Details
Report
Send in Message
Add To Playlist
Classic:
Type in answers that appear in a list
Quiz Source
Last Updated: May 26, 2018
Quiz Scoreboard
CHALLENGE
Sign Up to Join the Scoreboard
Show All
Scores
Hide
Comments
May contain spoilers
Recently Published
College Basketball Coaching Resumes
by pancakes188
Sports
9m
Billboard Blitz: Fleetwood Mac
by CooCooCachoo
Music
15s
Presidents Visiting Landmarks
by Hejman
History
7m
More to Explore
Quiz From the Vault
Featured Blog Post
Where Did the Easter Bunny Come From?
hide this ad
You Might Also Like...
Tags
Animation Quiz
Numbers Quiz
Blunder
episode
SpongeBob
Top 10
Today's Top Quizzes in Television
Browse Television
hide this ad
Today's Top Quizzes in Numbers
Browse Numbers
Top Contributed Quizzes in Television
1
5-to-1: The Simpsons Families
2
5-to-1: Television Doctors
3
7-to-1: TV Show Settings
4
5-to-1: Streaming Originals
5
One Piece Logic Puzzle
6
Survivor Seasons
7
Survivor Logic Puzzle: Heroes vs. Villains
8
All US Survivor Seasons in Order
9
TV Shows by First Names
10
Survivor Season by Logo
Explore More
Trending Topics
Anime
Crossword
Disney
Kpop
Harry Potter
NBA
Marvel
NFL
The Office
Puzzle
Song
Soccer
Pokémon
WWE
Country
hide this ad
More By:
Treverbeast454
Quiz
Plays
Rating
Category
Featured
Created
Name the Month by US Holiday
284,870
3.98
Holiday
Apr 9, 2011
NFL Team by Star Wars Helmet
277,690
4.54
Sports
Feb 7, 2014
SpongeBob Logic Puzzle
248,946
4.40
Television
Nov 19, 2012
Germany's Borders
195,658
4.46
Geography
Sep 13, 2011
Disney, Nickelodeon, or Cartoon Network
162,567
4.30
Television
Nov 27, 2010
Go to Creator's Profile
Score Distribution
Quiz Creator Spotlight
Treverbeast454
Follow
Send a Message
Quizzes Created
-
Created Quiz Play Count
-
More By This Creator
Popular Quizzes Today
1
Find the US States - No Outlines Minefield
2
Find the Countries of Europe - No Outlines Minefield
3
The Countries of the World
4
Find the US States
5
Risky Map Clicking: Biggest States A-Z
6
US States
7
Popular People in 1961
8
Movies - When Are They Set?
More Television Quizzes
Black & White to Color TV Shows
Editor's Pick
Trending Quizzes
Risky Map Clicking: Least Populous States A-Z
1-10 Letter G Words
1-10 Letter F Words
Risky Map Clicking: Next State Alphabetically
Click the Washington State Counties! (Map)
Recently Updated
Leaping Animals
pecheneg
Reality TV Shows (A-Z)
bhenderson79
Rickey Henderson's Hall of Fame Teammates
pecheneg
Champions League XIs: Arsenal
pecheneg
Quick Pick: Celebrities in WWE's Hall of Fame
aduchscher
A-Z Keypad Blitz II
pecheneg
Multiple Oscar Actors
pecheneg
Mystery Phrase Blitz: Oscar 'Best Actors'
pecheneg
F. Scott Fitzgerald Novels
LTH
Pick 3 Villains
ddd62291
Trending Topics
Disney
Anime
Kpop
NBA
Harry Potter
Marvel
Crossword
The Office
Country
Song
NFL
Soccer
Puzzle
Pokémon
WWE
Your Account Isn't Verified!
In order to create a playlist on Sporcle, you need to verify the email address you used during registration. Go to your
Sporcle Settings
to finish the process.
Report this User
Report this user for behavior that violates our
Community Guidelines
.
Details:
Send Report
Go to the Sporcle.com Mobile Site →
Comments